[Event "ENCI Limburg-open A"]
[Site "Maastricht"]
[Date "2008.05.12"]
[Round "6"]
[White "Suhbat, Orgibold"]
[Black "Lemmen, Raoul"]
[Result "1/2-1/2"]
[WhiteElo "2001"]
[BlackElo "1877"]
[PlyCount "103"]
[EventDate "2008.05.09"]
[EventType "swiss"]
[EventRounds "7"]
[EventCountry "NED"]
[Source "P.Boonen"]
[SourceDate "2010.01.01"]

1. e4 c5 2. Nf3 Nc6 3. c4 g6 4. Nc3 Bg7 5. Be2 d6 6. O-O Nf6 7. Rb1 O-O 8. a3
a5 9. d3 Bg4 10. Be3 Rb8 11. Nb5 Ne8 12. d4 cxd4 13. Nfxd4 Bxe2 14. Qxe2 Nc7
15. b4 Nxb5 16. Nxb5 Qc8 17. Bb6 axb4 18. axb4 Ne5 19. Rfc1 Qc6 20. c5 dxc5 21.
Bc7 c4 22. Bxb8 Rxb8 23. Nd4 Qb6 24. Nf3 Nxf3+ 25. Qxf3 c3 26. Qg3 Rd8 27. e5
Rd5 28. Qxc3 Bxe5 29. Qe3 Qd8 30. Re1 Qd6 31. g3 e6 32. Rec1 Kg7 33. Rc5 Bd4
34. Rxd5 Qxd5 35. Qe2 e5 36. h4 Qc6 37. Kh2 Qf6 38. f3 h5 39. Kg2 Qc6 40. b5
Qc5 41. Rd1 b6 42. Qd3 Qd5 43. Kh2 Qa2+ 44. Rd2 Qa1 45. Rg2 Qc3 46. Qe4 Qe3 47.
Qb7 Bc5 48. Qd5 Bd4 49. g4 Qf4+ 50. Kh3 hxg4+ 51. Rxg4 Qc1 52. Kh2 1/2-1/2

[Event "ENCI Limburg-open A"]
[Site "Maastricht"]
[Date "2008.05.12"]
[Round "6"]
[White "Tate, Emory"]
[Black "Luther, Thomas"]
[Result "0-1"]
[WhiteElo "2378"]
[BlackElo "2539"]
[PlyCount "94"]
[EventDate "2008.05.09"]
[EventType "swiss"]
[EventRounds "7"]
[EventCountry "NED"]
[Source "P.Boonen"]
[SourceDate "2010.01.01"]

1. c4 e6 2. Nf3 d5 3. Na3 Nf6 4. g3 c5 5. d3 Nc6 6. Bg2 Be7 7. Bf4 O-O 8. O-O
d4 9. Nc2 a5 10. Ne5 Nxe5 11. Bxe5 Ng4 12. Bf4 e5 13. Bd2 f5 14. b3 f4 15. h3
Nh6 16. Kh2 Ra6 17. Bf3 Rg6 18. Rg1 Bd6 19. Be4 fxg3+ 20. fxg3 Qd7 21. g4 Rf2+
22. Kh1 Nxg4 23. Rg3 Rh2+ 24. Kg1 Ne3 25. Rxg6 Nxd1 26. Bd5+ Kh8 27. Rxd6 Qxd6
28. Kxh2 e4+ 29. Kg2 Qg6+ 30. Kh2 Qd6+ 31. Kg2 Qg6+ 32. Kh2 Nf2 33. Bf4 Nxh3
34. Bxe4 Qg4 35. Bd6 Nf4 36. Ne1 Qh3+ 37. Kg1 Qg3+ 38. Kh1 Qh3+ 39. Kg1 Nxe2+
40. Kf2 Qe3+ 41. Kf1 Bh3+ 42. Ng2 Ng3+ 43. Bxg3 Qxg3 44. Rd1 g6 45. Rd2 b6 46.
Rf2 Kg7 47. Ke2 g5 0-1

[Event "ENCI Limburg-open A"]
[Site "Maastricht"]
[Date "2008.05.12"]
[Round "6"]
[White "Taverniers, Peter"]
[Black "Singh, Marcel"]
[Result "1/2-1/2"]
[WhiteElo "1810"]
[BlackElo "1908"]
[PlyCount "83"]
[EventDate "2008.05.09"]
[EventType "swiss"]
[EventRounds "7"]
[EventCountry "NED"]
[Source "P.Boonen"]
[SourceDate "2010.01.01"]

1. c4 Nf6 2. Nc3 c6 3. g3 g6 4. Bg2 Bg7 5. d4 O-O 6. Nf3 d5 7. cxd5 cxd5 8. O-O
Nc6 9. Ne5 Nxe5 10. dxe5 Nd7 11. Qxd5 Nxe5 12. Qxd8 Rxd8 13. Rd1 Rxd1+ 14. Nxd1
Nc4 15. Bf4 e5 16. Be3 Nxe3 17. Nxe3 Be6 18. Bd5 Re8 19. Rd1 Bc8 20. b3 Re7 21.
Rc1 Bh3 22. Bg2 Be6 23. Bd5 Bh6 24. Bxe6 Rxe6 25. Rc8+ Kg7 26. Rc7 Bxe3 27.
fxe3 Ra6 28. Rxb7 Rxa2 29. Kf2 e4 30. Re7 Rb2 31. Rxa7 Rxb3 32. Ra4 f5 33. h4
Rb7 34. Ra6 Rf7 35. Re6 Rf6 36. Re7+ Rf7 37. Re6 h6 38. Re8 g5 39. hxg5 hxg5
40. Re6 Rf6 41. Re7+ Kg6 42. Rd7 1/2-1/2

[Event "ENCI Limburg-open A"]
[Site "Maastricht"]
[Date "2008.05.12"]
[Round "6"]
[White "Ten Hertog, Hugo"]
[Black "Polak, Indra"]
[Result "0-1"]
[WhiteElo "2075"]
[BlackElo "2184"]
[PlyCount "86"]
[EventDate "2008.05.09"]
[EventType "swiss"]
[EventRounds "7"]
[EventCountry "NED"]
[Source "P.Boonen"]
[SourceDate "2010.01.01"]

1. e4 c5 2. Nf3 d6 3. d4 cxd4 4. Nxd4 Nf6 5. Nc3 a6 6. Be3 e5 7. Nf3 Qc7 8. a4
Be7 9. Be2 O-O 10. O-O b6 11. Bg5 Nbd7 12. Nd2 Bb7 13. Bf3 Rac8 14. Re1 h6 15.
Bxf6 Nxf6 16. Nf1 Rfd8 17. Ne3 Bf8 18. Qd3 Qb8 19. Rad1 Qa8 20. Ncd5 Nxd5 21.
Nxd5 Bxd5 22. exd5 b5 23. axb5 axb5 24. Ra1 Qb7 25. c3 Rc5 26. Ra5 Ra8 27. Rea1
Rxa5 28. Rxa5 g6 29. h4 f5 30. Bd1 e4 31. Qg3 Kh7 32. h5 g5 33. Bb3 Qc7 34. Ra8
Bg7 35. Qh3 Qf7 36. g4 Qb7 37. Re8 Qd7 38. Re6 b4 39. c4 Ra5 40. gxf5 Ra1+ 41.
Kg2 Qf7 42. Rxd6 e3 43. Qxe3 Qxh5 0-1

[Event "ENCI Limburg-open A"]
[Site "Maastricht"]
[Date "2008.05.12"]
[Round "6"]
[White "Tonoli, Benjamin"]
[Black "Larmuseau, Maarten"]
[Result "0-1"]
[WhiteElo "2190"]
[BlackElo "2058"]
[PlyCount "58"]
[EventDate "2008.05.09"]
[EventType "swiss"]
[EventRounds "7"]
[EventCountry "NED"]
[Source "P.Boonen"]
[SourceDate "2010.01.01"]

1. e4 d6 2. c4 e5 3. g3 Nc6 4. Bg2 g6 5. Ne2 Bg7 6. Nbc3 Nge7 7. O-O O-O 8. d3
h6 9. Rb1 a5 10. a3 Be6 11. b4 axb4 12. axb4 Qd7 13. Nd5 Bxd5 14. cxd5 Nd4 15.
Nxd4 exd4 16. Qc2 c6 17. dxc6 bxc6 18. f4 Kh7 19. Bb2 Rfb8 20. f5 gxf5 21. exf5
Bf6 22. Qb3 d5 23. Bc1 c5 24. Bd2 cxb4 25. Bxb4 Ra4 26. Qd1 Raxb4 27. Rxb4 Rxb4
28. Qh5 Ng8 29. g4 Bg5 0-1

[Event "ENCI Limburg-open A"]
[Site "Maastricht"]
[Date "2008.05.12"]
[Round "6"]
[White "Van Assendelft, Floris"]
[Black "Pijpers, Arthur"]
[Result "0-1"]
[WhiteElo "2250"]
[BlackElo "2130"]
[PlyCount "78"]
[EventDate "2008.05.09"]
[EventType "swiss"]
[EventRounds "7"]
[EventCountry "NED"]
[Source "P.Boonen"]
[SourceDate "2010.01.01"]

1. e4 c5 2. Nf3 d6 3. d4 cxd4 4. Nxd4 Nf6 5. Nc3 a6 6. Bg5 e6 7. f4 b5 8. e5
dxe5 9. fxe5 Qc7 10. Bf4 Bb4 11. exf6 Qxf4 12. fxg7 Qe3+ 13. Qe2 Bxc3+ 14. bxc3
Qxc3+ 15. Qd2 Qxd2+ 16. Kxd2 Rg8 17. Be2 Rxg7 18. Bf3 Ra7 19. a4 b4 20. Rab1 a5
21. Ke3 Rc7 22. Nb5 Rxc2 23. Rhc1 Rxc1 24. Rxc1 Bd7 25. Kd4 Na6 26. Nd6+ Ke7
27. Nc8+ Kd8 28. Nb6 Rg5 29. h4 Rf5 30. Be4 Rf4 31. Ke3 e5 32. Rd1 Nc5 33. Bc6
Kc7 34. Nxd7 Nxd7 35. Bxd7 Rd4 36. Rc1+ Kxd7 37. Rc5 b3 38. Rxe5 b2 39. Kxd4
b1=Q 0-1

[Event "ENCI Limburg-open A"]
[Site "Maastricht"]
[Date "2008.05.12"]
[Round "6"]
[White "Van Kerkhof, David"]
[Black "Van Beek, Alexander"]
[Result "0-1"]
[WhiteElo "2226"]
[BlackElo "2343"]
[PlyCount "74"]
[EventDate "2008.05.09"]
[EventType "swiss"]
[EventRounds "7"]
[EventCountry "NED"]
[Source "P.Boonen"]
[SourceDate "2010.01.01"]

1. e4 e5 2. Nf3 Nc6 3. Bb5 Nf6 4. Qe2 Bc5 5. O-O O-O 6. c3 Re8 7. h3 a6 8. Ba4
h6 9. Rd1 d5 10. d3 b5 11. Bb3 dxe4 12. dxe4 Qe7 13. a4 Rb8 14. axb5 axb5 15.
Bd5 Nxd5 16. exd5 Nd8 17. b4 Bd6 18. Nbd2 e4 19. Ne1 Qe5 20. Nf1 Qxc3 21. Bb2
Qxb4 22. Rab1 Qa5 23. Qh5 Qb6 24. Ne3 Bc5 25. d6 Bxe3 26. d7 Bxf2+ 27. Kh1 Bxd7
28. Rxd7 Qc5 29. Rd5 Qc6 30. Rc1 Qg6 31. Qxg6 fxg6 32. Rxc7 Bxe1 33. Rxg7+ Kf8
34. Rxg6 b4 35. Bd4 Ne6 36. Rf5+ Ke7 37. Re5 Kf7 0-1

[Event "ENCI Limburg-open A"]
[Site "Maastricht"]
[Date "2008.05.12"]
[Round "6"]
[White "Van Kooten, Luuk"]
[Black "Pham, Toan Thanh"]
[Result "0-1"]
[WhiteElo "2250"]
[BlackElo "2111"]
[PlyCount "71"]
[EventDate "2008.05.09"]
[EventType "swiss"]
[EventRounds "7"]
[EventCountry "NED"]
[Source "P.Boonen"]
[SourceDate "2010.01.01"]

1. d4 Nf6 2. c4 e6 3. Nc3 Bb4 4. e3 b6 5. Bd3 Bb7 6. Nge2 Bxg2 7. Rg1 Bf3 8.
Qc2 Bxc3+ 9. Nxc3 Bh5 10. e4 Nc6 11. Be3 Nb4 12. Qd2 Nxd3+ 13. Qxd3 d6 14. Bg5
h6 15. Bh4 g5 16. Bg3 Qe7 17. e5 dxe5 18. Bxe5 O-O-O 19. Qh3 Bg6 20. Qf3 Bf5
21. Qa8+ Kd7 22. Qxa7 Kc6 23. b4 Rc8 24. Qa4+ Kb7 25. c5 Ra8 26. c6+ Kb8 27.
Qb5 Kc8 28. O-O-O Rd8 29. Bxf6 Qxf6 30. Qc4 Bg6 31. Rd2 Qf4 32. Rg2 h5 33. Qb5
Rxd4 34. Qxg5 Qxg5 35. Rxg5 Rxb4 36. Ne2 0-1

[Event "ENCI Limburg-open A"]
[Site "Maastricht"]
[Date "2008.05.12"]
[Round "6"]
[White "Van der Veen, Terry"]
[Black "Kruijf, Caspar"]
[Result "1-0"]
[WhiteElo "2169"]
[BlackElo "1925"]
[PlyCount "69"]
[EventDate "2008.05.09"]
[EventType "swiss"]
[EventRounds "7"]
[EventCountry "NED"]
[Source "P.Boonen"]
[SourceDate "2010.01.01"]

1. e4 e5 2. Nf3 Nc6 3. Bb5 a6 4. Bxc6 dxc6 5. O-O Qd6 6. Na3 b5 7. c3 c5 8. Nc2
Bd7 9. d3 Ne7 10. Ne3 g6 11. a4 c6 12. d4 cxd4 13. cxd4 exd4 14. e5 Qc5 15. b4
Qc3 16. Ra3 Qxb4 17. Nc2 Qc4 18. axb5 cxb5 19. Nfxd4 Bg7 20. Ne3 Qc5 21. Rd3
Qa7 22. Ba3 Bxe5 23. Nf3 Bg7 24. Re1 Be6 25. Ng5 Bf6 26. Nxe6 fxe6 27. Ng4 Rf8
28. Rxe6 Bg5 29. Rd5 Rf5 30. Rxf5 gxf5 31. Ne5 h6 32. Qh5+ Kd8 33. Nc6+ Nxc6
34. Qe8+ Kc7 35. Rxc6+ 1-0

[Event "ENCI Limburg-open A"]
[Site "Maastricht"]
[Date "2008.05.12"]
[Round "6"]
[White "Wallace, Mitchel"]
[Black "Schubert, Karl"]
[Result "0-1"]
[WhiteElo "1773"]
[BlackElo "1899"]
[PlyCount "72"]
[EventDate "2008.05.09"]
[EventType "swiss"]
[EventRounds "7"]
[EventCountry "NED"]
[Source "P.Boonen"]
[SourceDate "2010.01.01"]

1. e4 d6 2. d4 Nf6 3. Nc3 g6 4. Nf3 Bg7 5. g3 c6 6. Bg2 O-O 7. O-O Qc7 8. Qe2
e5 9. dxe5 dxe5 10. Be3 b6 11. Rfd1 Nbd7 12. a4 a5 13. Nd2 Re8 14. f4 Bf8 15.
Nc4 Ba6 16. Nb1 Bc5 17. Nbd2 exf4 18. gxf4 Qxf4 19. Bxc5 Nxc5 20. Rf1 Qg5 21.
Qf3 Bxc4 22. Nxc4 Ncxe4 23. Nxb6 Qc5+ 24. Kh1 Qxb6 25. Qf4 Qb8 26. Qf3 Ra7 27.
Rae1 Rae7 28. Re2 Qa7 29. Qf4 Qd4 30. c3 Qxa4 31. b4 Qb5 32. Rxe4 Nxe4 33. Bxe4
axb4 34. Rf3 bxc3 35. Bd3 Qe5 36. Qh6 Qe1+ 0-1

[Event "ENCI Limburg-open A"]
[Site "Maastricht"]
[Date "2008.05.12"]
[Round "6"]
[White "Zachariassen, Bjarne"]
[Black "Jellema, Yme Jan"]
[Result "0-1"]
[WhiteElo "1938"]
[BlackElo "2112"]
[PlyCount "138"]
[EventDate "2008.05.09"]
[EventType "swiss"]
[EventRounds "7"]
[EventCountry "NED"]
[Source "P.Boonen"]
[SourceDate "2010.01.01"]

1. e4 c5 2. c3 d5 3. exd5 Qxd5 4. d4 Nc6 5. Nf3 Bg4 6. Be2 cxd4 7. cxd4 e6 8.
O-O Nf6 9. h3 Bh5 10. Nc3 Qd8 11. Qb3 Rb8 12. Bf4 Bd6 13. Bxd6 Qxd6 14. Rfd1
Nd5 15. Nxd5 exd5 16. Qe3+ Qe7 17. Qxe7+ Kxe7 18. g4 Bg6 19. Ne5 f6 20. Nxc6+
bxc6 21. b3 Rb4 22. Rac1 Kd6 23. Rc3 Re8 24. Bf3 Be4 25. a3 Bxf3 26. Rxf3 Rb6
27. b4 a5 28. bxa5 Rb5 29. a6 Rb6 30. a7 Ra6 31. Rdd3 Rxa7 32. Rfe3 Re4 33. f3
Rxe3 34. Rxe3 c5 35. dxc5+ Kxc5 36. Kf2 d4 37. Rd3 Kc4 38. Ke2 Re7+ 39. Kd2 Rb7
40. Kc2 Rb2+ 41. Kxb2 Kxd3 42. a4 Ke2 43. a5 d3 44. a6 d2 45. a7 d1=Q 46. a8=Q
Qd2+ 47. Ka1 Qc3+ 48. Kb1 Qxf3 49. Qa2+ Kf1 50. Qc4+ Kg2 51. Qc2+ Kxh3 52.
Qxh7+ Kxg4 53. Qxg7+ Kh3 54. Qd7+ f5 55. Qh7+ Kg2 56. Qg6+ Qg4 57. Qd6 Qe4+ 58.
Ka1 f4 59. Qd2+ Kf1 60. Qd7 Qe1+ 61. Ka2 Qe2+ 62. Ka3 f3 63. Qd5 Qe3+ 64. Ka4
f2 65. Qd1+ Qe1 66. Qd3+ Qe2 67. Qb1+ Kg2 68. Qg6+ Kf3 69. Qf5+ Kg3 0-1

[Event "ENCI Limburg-open A"]
[Site "Maastricht"]
[Date "2008.05.12"]
[Round "7"]
[White "Aben, Paul"]
[Black "Taverniers, Peter"]
[Result "1/2-1/2"]
[WhiteElo "1939"]
[BlackElo "1810"]
[PlyCount "67"]
[EventDate "2008.05.09"]
[EventType "swiss"]
[EventRounds "7"]
[EventCountry "NED"]
[Source "P.Boonen"]
[SourceDate "2010.01.01"]

1. e4 b6 2. d4 Bb7 3. Bd3 Nf6 4. Nd2 e6 5. Ngf3 d6 6. O-O c5 7. c3 Be7 8. a4
O-O 9. a5 bxa5 10. dxc5 dxc5 11. Qc2 Ba6 12. Nc4 Nc6 13. Bf4 g6 14. Rfd1 Bxc4
15. Bxc4 Qb6 16. e5 Nh5 17. Be3 Rab8 18. b3 Rfd8 19. Re1 Rd7 20. Qe4 Rbd8 21.
g4 Ng7 22. Kg2 Ne8 23. h4 Nc7 24. h5 Nd5 25. hxg6 Nxe3+ 26. fxe3 hxg6 27. Bxe6
Nxe5 28. Bxd7 Nxf3 29. Kxf3 Rxd7 30. Red1 Rb7 31. Rab1 Bh4 32. Ke2 Re7 33. Qd5
Qf6 34. Kd2 1/2-1/2

[Event "ENCI Limburg-open A"]
[Site "Maastricht"]
[Date "2008.05.12"]
[Round "7"]
[White "Admiraal, Miguoel"]
[Black "Konijn, Rob"]
[Result "1-0"]
[WhiteElo "1908"]
[BlackElo "2124"]
[PlyCount "73"]
[EventDate "2008.05.09"]
[EventType "swiss"]
[EventRounds "7"]
[EventCountry "NED"]
[Source "P.Boonen"]
[SourceDate "2010.01.01"]

1. e4 e5 2. Nf3 Nc6 3. Bb5 a6 4. Bxc6 dxc6 5. O-O f6 6. d4 Bg4 7. dxe5 Qxd1 8.
Rxd1 fxe5 9. b3 Bd6 10. Bb2 Ne7 11. Nbd2 Ng6 12. h3 Be6 13. Ng5 Bg8 14. g3 h6
15. Ngf3 Ke7 16. h4 Kf6 17. Ne1 Ke7 18. Nd3 Ke6 19. Nf3 Rf8 20. Kg2 Bh7 21. h5
Ne7 22. Re1 Rxf3 23. Kxf3 Ng8 24. c4 c5 25. b4 b6 26. bxc5 bxc5 27. Kg2 Nf6 28.
f3 Nxh5 29. Ba3 g5 30. Bxc5 g4 31. fxg4 Nf6 32. Bxd6 cxd6 33. Nf2 Rb8 34. Rab1
Rxb1 35. Rxb1 Nxe4 36. Rh1 Nxf2 37. Rxh6+ 1-0

[Event "ENCI Limburg-open A"]
[Site "Maastricht"]
[Date "2008.05.12"]
[Round "7"]
[White "Beijerinck, Nick"]
[Black "Leentjens, Gilbert"]
[Result "1-0"]
[WhiteElo "2023"]
[BlackElo "1849"]
[PlyCount "53"]
[EventDate "2008.05.09"]
[EventType "swiss"]
[EventRounds "7"]
[EventCountry "NED"]
[Source "P.Boonen"]
[SourceDate "2010.01.01"]

1. e4 e5 2. Nf3 Nc6 3. Bb5 a6 4. Ba4 Nf6 5. O-O Be7 6. Re1 b5 7. Bb3 O-O 8. c3
d5 9. exd5 Nxd5 10. Nxe5 Nxe5 11. Rxe5 c6 12. d4 Bd6 13. Re1 Qh4 14. g3 Qh3 15.
Qd3 Bg4 16. Nd2 Rae8 17. Rxe8 Rxe8 18. Qf1 Qh5 19. f3 Bh3 20. Qf2 Nf4 21. gxf4
Qg6+ 22. Qg3 Qd3 23. Qxh3 Bxf4 24. Nf1 Bd6 25. Qd7 Qg6+ 26. Qg4 Qd3 27. Bh6 1-0

[Event "ENCI Limburg-open A"]
[Site "Maastricht"]
[Date "2008.05.12"]
[Round "7"]
[White "Beukema, Stefan"]
[Black "Coenen, Bert"]
[Result "1-0"]
[WhiteElo "1962"]
[BlackElo "1830"]
[PlyCount "105"]
[EventDate "2008.05.09"]
[EventType "swiss"]
[EventRounds "7"]
[EventCountry "NED"]
[Source "P.Boonen"]
[SourceDate "2010.01.01"]

1. e4 e5 2. Nf3 Nf6 3. Nxe5 d6 4. Nf3 Nxe4 5. Nc3 Nxc3 6. dxc3 Nc6 7. Bc4 Qe7+
8. Be3 Bg4 9. O-O Ne5 10. Be2 Bd7 11. Re1 a6 12. Bf4 f6 13. Bg3 O-O-O 14. Nd4
Qf7 15. f4 Ng6 16. Bd3 h5 17. Qf3 d5 18. f5 Ne5 19. Bxe5 fxe5 20. Rxe5 c6 21.
Rae1 Bd6 22. R5e3 Bc5 23. Kh1 Bxd4 24. cxd4 Rde8 25. Re5 Rhf8 26. b3 h4 27. c4
dxc4 28. Bxc4 Rxe5 29. Rxe5 Qf6 30. h3 Qh6 31. Qe4 Qc1+ 32. Kh2 Qg5 33. Qg4 Qf6
34. Be6 Rd8 35. Bxd7+ Rxd7 36. Qe4 Qg5 37. Re8+ Rd8 38. Qe6+ Kb8 39. Qd6+ Kc8
40. Rxd8+ Qxd8 41. Qxd8+ Kxd8 42. g4 hxg3+ 43. Kxg3 Ke7 44. Kf4 Kf6 45. h4 b6
46. b4 a5 47. bxa5 bxa5 48. h5 a4 49. a3 Kf7 50. Ke5 Ke7 51. f6+ gxf6+ 52. Kf5
Kf7 53. h6 1-0

[Event "ENCI Limburg-open A"]
[Site "Maastricht"]
[Date "2008.05.12"]
[Round "7"]
[White "Bomans, Arno"]
[Black "Grandadam, Nicolas"]
[Result "1/2-1/2"]
[WhiteElo "1955"]
[BlackElo "2059"]
[PlyCount "52"]
[EventDate "2008.05.09"]
[EventType "swiss"]
[EventRounds "7"]
[EventCountry "NED"]
[Source "P.Boonen"]
[SourceDate "2010.01.01"]

1. Nc3 d5 2. e4 dxe4 3. Nxe4 e6 4. Nf3 Nd7 5. d4 Ngf6 6. Ng3 c5 7. c3 cxd4 8.
Nxd4 a6 9. Be2 Be7 10. O-O O-O 11. a4 Qc7 12. Re1 Re8 13. Bd3 b6 14. Nh5 Bb7
15. Bf4 Qc5 16. Nxf6+ Bxf6 17. Nf3 Rad8 18. Qe2 e5 19. Be3 Qc6 20. a5 b5 21.
Red1 Nc5 22. Bxc5 Qxc5 23. Be4 Rxd1+ 24. Rxd1 Bxe4 25. Qxe4 Qc7 26. g3 g6
1/2-1/2

[Event "ENCI Limburg-open A"]
[Site "Maastricht"]
[Date "2008.05.12"]
[Round "7"]
[White "Boulahfa, Hicham"]
[Black "Laarhoven, Thijs"]
[Result "0-1"]
[WhiteElo "2000"]
[BlackElo "2193"]
[PlyCount "72"]
[EventDate "2008.05.09"]
[EventType "swiss"]
[EventRounds "7"]
[EventCountry "NED"]
[Source "P.Boonen"]
[SourceDate "2010.01.01"]

1. e4 d5 2. d4 dxe4 3. Nc3 Nf6 4. f3 c6 5. Bc4 Qa5 6. Qe2 Bf5 7. Bf4 e6 8.
O-O-O e3 9. g4 Bg6 10. h4 h5 11. g5 Nd5 12. Nxd5 cxd5 13. Bb5+ Nc6 14. Kb1 Rc8
15. Rh2 Be7 16. Ka1 Bxc2 17. Qxc2 Qxb5 18. g6 f6 19. Qc3 Kd7 20. Bxe3 Nb4 21.
Qb3 Rc6 22. Kb1 a5 23. a4 Qa6 24. Bd2 Rhc8 25. Bxb4 axb4 26. f4 Qc4 27. Qxc4
Rxc4 28. Nh3 f5 29. Ng5 Bf6 30. Re2 R8c6 31. Nf3 Ra6 32. Rd3 Rc8 33. b3 Rac6
34. Rde3 Rc1+ 35. Kb2 Rf1 36. Ne1 Bxd4+ 0-1

[Event "ENCI Limburg-open A"]
[Site "Maastricht"]
[Date "2008.05.12"]
[Round "7"]
[White "Boulan, Laura"]
[Black "Morren, Eric Jan"]
[Result "1-0"]
[WhiteElo "1921"]
[BlackElo "1804"]
[PlyCount "107"]
[EventDate "2008.05.09"]
[EventType "swiss"]
[EventRounds "7"]
[EventCountry "NED"]
[Source "P.Boonen"]
[SourceDate "2010.01.01"]

1. e4 e6 2. c3 d5 3. e5 c5 4. f4 Nc6 5. Nf3 f6 6. d4 Qb6 7. Na3 cxd4 8. cxd4
Be7 9. Nc2 Nh6 10. Be2 O-O 11. O-O Nf7 12. Kh1 Bd7 13. Bd3 f5 14. Rb1 Nb4 15.
Nxb4 Bxb4 16. Bd2 Rac8 17. Bxb4 Qxb4 18. Qe2 Rc7 19. a3 Qb6 20. Rbc1 Rfc8 21.
Rxc7 Rxc7 22. h3 a6 23. g4 fxg4 24. hxg4 Bb5 25. Bxb5 Qxb5 26. Qxb5 axb5 27.
Rf2 g6 28. Kg2 h6 29. Rd2 Rc4 30. Ne1 Nd8 31. Kf2 Nc6 32. Nc2 Kf7 33. Kf3 Na5
34. Ne3 Rc1 35. f5 Nc4 36. fxe6+ Kxe6 37. Rh2 Rb1 38. Rxh6 Rxb2 39. Rxg6+ Kf7
40. Rf6+ Kg7 41. Nxd5 Rd2 42. Nf4 Nxa3 43. Nh5+ Kg8 44. e6 Rc2 45. e7 Rc8 46.
d5 Nc4 47. d6 b4 48. Kf4 Nb6 49. Rf5 Ra8 50. Rb5 Nd7 51. Rxb7 Nc5 52. d7 Nxd7
53. Rxd7 Kf7 54. Rd8 1-0

[Event "ENCI Limburg-open A"]
[Site "Maastricht"]
[Date "2008.05.12"]
[Round "7"]
[White "Braeken, Barry"]
[Black "Leenaerts, Robin"]
[Result "1/2-1/2"]
[WhiteElo "1916"]
[BlackElo "2153"]
[PlyCount "53"]
[EventDate "2008.05.09"]
[EventType "swiss"]
[EventRounds "7"]
[EventCountry "NED"]
[Source "P.Boonen"]
[SourceDate "2010.01.01"]

1. e4 c5 2. d3 e6 3. g3 d5 4. Nd2 Nf6 5. Bg2 Be7 6. Ngf3 O-O 7. O-O Nc6 8. Re1
b5 9. e5 Nd7 10. Nf1 f6 11. exf6 Bxf6 12. h4 Nb6 13. N1h2 Qd6 14. Ng4 e5 15.
Nxf6+ Rxf6 16. Nh2 Be6 17. f4 exf4 18. Bxf4 Qd7 19. Bf3 Nd4 20. Bg4 Re8 21. c3
Bxg4 22. Rxe8+ Qxe8 23. Nxg4 Ne2+ 24. Kf2 Re6 25. Be5 d4 26. Qxe2 Nd7 27. cxd4
1/2-1/2

[Event "ENCI Limburg-open A"]
[Site "Maastricht"]
[Date "2008.05.12"]
[Round "7"]
[White "Broekmeulen, Joris"]
[Black "Snoeck, Rene"]
[Result "0-1"]
[WhiteElo "1862"]
[BlackElo "1942"]
[PlyCount "88"]
[EventDate "2008.05.09"]
[EventType "swiss"]
[EventRounds "7"]
[EventCountry "NED"]
[Source "P.Boonen"]
[SourceDate "2010.01.01"]

1. e4 c6 2. d4 d5 3. exd5 cxd5 4. Bd3 Nf6 5. Ne2 Bg4 6. c3 e6 7. Bf4 Be7 8. O-O
O-O 9. Bg3 Nc6 10. f3 Bh5 11. Nf4 Bg6 12. Nxg6 hxg6 13. Nd2 a6 14. Re1 b5 15.
b4 Bd6 16. Bxd6 Qxd6 17. Nb3 e5 18. dxe5 Nxe5 19. Nc5 Nxd3 20. Qxd3 Nd7 21.
Nxd7 Qxd7 22. Rad1 Rac8 23. Re5 Rfd8 24. Qe3 Qc6 25. Rd3 Re8 26. Rxe8+ Rxe8 27.
Qd2 Rd8 28. Qg5 Rc8 29. Qd2 Rd8 30. Kf2 Qd6 31. g3 Qe6 32. Re3 Qb6 33. Kg2 Qf6
34. Rd3 Qe5 35. Kf2 Qe6 36. Qe3 Qf6 37. Qd4 Qg5 38. Re3 Qf5 39. Re2 Rc8 40. Re5
Qc2+ 41. Kg1 Qb1+ 42. Kg2 Qxa2+ 43. Kh3 Qc4 44. Rxd5 Qf1+ 0-1

[Event "ENCI Limburg-open A"]
[Site "Maastricht"]
[Date "2008.05.12"]
[Round "7"]
[White "Bruls, Peter"]
[Black "Staudte, Rainer"]
[Result "1/2-1/2"]
[WhiteElo "1801"]
[BlackElo "1990"]
[PlyCount "84"]
[EventDate "2008.05.09"]
[EventType "swiss"]
[EventRounds "7"]
[EventCountry "NED"]
[Source "P.Boonen"]
[SourceDate "2010.01.01"]

1. c4 Nf6 2. g3 c6 3. Bg2 d5 4. cxd5 cxd5 5. Nf3 Nc6 6. d4 e6 7. O-O Be7 8. Nc3
O-O 9. Bg5 h6 10. Bxf6 Bxf6 11. Rc1 Bd7 12. Qd2 Rb8 13. Rfd1 Be7 14. Ne1 Qe8
15. e3 f6 16. Nd3 b6 17. f3 Rc8 18. Nf2 f5 19. Nd3 Bf6 20. f4 Be7 21. Rc2 Nb4
22. Nxb4 Bxb4 23. Rdc1 Qe7 24. Qd3 Bd6 25. Nb5 Rxc2 26. Rxc2 Bb8 27. Nc3 Rc8
28. a3 Qe8 29. Bf1 Rc7 30. Nb1 Qc8 31. Rxc7 Qxc7 32. Qc3 Kf7 33. Qxc7 Bxc7 34.
Kf2 g5 35. Bd3 Kf6 36. Nd2 Ba4 37. Nf3 gxf4 38. gxf4 Bd6 39. Nd2 Ke7 40. b3 Be8
41. a4 Bb4 42. Nf3 Bd6 1/2-1/2

[Event "ENCI Limburg-open A"]
[Site "Maastricht"]
[Date "2008.05.12"]
[Round "7"]
[White "Burg, Brent"]
[Black "Harestad, Hans Krogh"]
[Result "1/2-1/2"]
[WhiteElo "2042"]
[BlackElo "2268"]
[PlyCount "74"]
[EventDate "2008.05.09"]
[EventType "swiss"]
[EventRounds "7"]
[EventCountry "NED"]
[Source "P.Boonen"]
[SourceDate "2010.01.01"]

1. e4 e5 2. Nf3 Nc6 3. Bb5 a6 4. Ba4 Nf6 5. d3 d6 6. c3 Be7 7. O-O O-O 8. Re1
Re8 9. Nbd2 Bf8 10. Nf1 h6 11. h3 g6 12. Ng3 Bg7 13. d4 b5 14. Bc2 Bb7 15. d5
Na5 16. b3 c6 17. dxc6 Bxc6 18. Ba3 Nb7 19. Qd2 Qb6 20. Rad1 Rad8 21. c4 bxc4
22. bxc4 Nc5 23. Qe3 Bf8 24. Rd2 Nfd7 25. Nh2 Qa5 26. Ng4 h5 27. Nxh5 gxh5 28.
Qg5+ Bg7 29. Nh6+ Kh7 30. Qf5+ Kh8 31. Nxf7+ Kg8 32. Nxd8 Rxd8 33. Bc1 Nf6 34.
Re3 Bd7 35. Qg6 Be8 36. Qf5 Bd7 37. Qg6 Be8 1/2-1/2

[Event "ENCI Limburg-open A"]
[Site "Maastricht"]
[Date "2008.05.12"]
[Round "7"]
[White "Burg, Twan"]
[Black "Simenon, Jozef"]
[Result "1/2-1/2"]
[WhiteElo "2342"]
[BlackElo "2182"]
[PlyCount "132"]
[EventDate "2008.05.09"]
[EventType "swiss"]
[EventRounds "7"]
[EventCountry "NED"]
[Source "P.Boonen"]
[SourceDate "2010.01.01"]

1. e4 c5 2. Nf3 g6 3. d4 cxd4 4. Nxd4 Nc6 5. c4 Bg7 6. Be3 Nf6 7. Nc3 O-O 8.
Be2 d6 9. f3 Nxd4 10. Bxd4 Be6 11. O-O Qc7 12. b3 Rfc8 13. Rc1 a6 14. Qd2 Qa5
15. Rfd1 b5 16. cxb5 axb5 17. Qe3 b4 18. Na4 Nd7 19. Bxg7 Kxg7 20. Kf2 Nc5 21.
Nxc5 Rxc5 22. Rxc5 Qxc5 23. Rd2 f5 24. Qxc5 dxc5 25. Ke3 Kf6 26. f4 fxe4 27. g4
g5 28. Kxe4 gxf4 29. h4 h6 30. Kxf4 Bg8 31. g5+ hxg5+ 32. hxg5+ Kg7 33. Bd3 Rd8
34. Ke3 Rd5 35. Rg2 Re5+ 36. Kf4 Rd5 37. Be4 Rd4 38. Ke5 Bf7 39. g6 Be8 40. Bf5
Bd7 41. Bc2 Rh4 42. Rd2 Rh5+ 43. Kf4 Be8 44. Re2 Kf6 45. g7 Kxg7 46. Rxe7+ Bf7
47. Rc7 Kf6 48. Rc6+ Ke7 49. Bf5 Rh2 50. Ke5 Re2+ 51. Be4 Rxa2 52. Rc7+ Ke8 53.
Rxc5 Bxb3 54. Bd3 Rh2 55. Bf5 Rh6 56. Rb5 Ra6 57. Rxb4 Ra5+ 58. Kf6 Ra6+ 59.
Kg5 Bf7 60. Rb8+ Ke7 61. Rb7+ Ke8 62. Bd3 Rd6 63. Be4 Ra6 64. Kf4 Rf6+ 65. Ke5
Re6+ 66. Kd4 Rd6+ 1/2-1/2